Skutočné príbehy : čo život dal.

Uložené v:
Podrobná bibliografia
Médium: Časopis
Jazyk:Slovak
Vydané: Bratislava : Redima, spol. s r.o., 2004-9999.
Témy:
Fyzický popis: zv. ; 27 cm.
Tagy: Pridať tag
Žiadne tagy, Buďte prvý kto otaguje tento záznam!

MARC

LEADER 00000nas a2200000 a 4500
001 000313621
003 SVKK
005 20251001093203.0
008 050215c20049999xo qr|p|||||||0|||b0slo|d
022 |a 1336-619X 
040 |a KE001  |b slo  |e AACR2 
041 0 |a slo 
044 |a xo  |c SK 
080 |a 008  |2 2006 
080 |a 396  |2 2006 
210 0 |a Skutoč. príbehy: čo živ. dal 
222 0 |a Skutočné príbehy: čo život dal 
245 0 0 |a Skutočné príbehy :  |b čo život dal. 
246 3 3 |a Skutočné príbehy čo život dal 
246 3 3 |a Skutočné príbehy Priateľka a Bratislavčanka 
260 |a Bratislava :  |b Redima, spol. s r.o.,  |c 2004-9999. 
300 |a zv. ;  |c 27 cm. 
310 |a 4x ročne,  |b 2022- 
321 |a 6x ročne,  |b 2004-2021 
362 0 |a 2004 - 
500 |a Niektoré čísla sa zhodujú obsahovo s časopisom Bratislavčanka, ISSN 1335-9037 
500 |a Podnázov v tiráži: Priateľka a Bratislavčanka 
500 |a Časopis má špeciály samostatne číslované: Skutočné príbehy špeciál 
500 |a Do č. 2/2021 formát 21 cm 
650 8 |a 008  |2 MDT 
650 8 |a 396  |2 MDT 
650 9 |a časopisy pre ženy  |2 SKP 
770 0 |t Skutočné príbehy špeciál 
772 1 |t Bratislavčanka  |x 1335-9037 
910 |a KE001  |b A.1846 
998 |a SE 
090 |g CASOS  |k Sklad  |a A.1846  |j 216792  |i 313621-150  |s Zviazaný časopis 
090 |g CASOS  |k Sklad Pribinova prízemie  |a A.1846  |j 226399  |i 2720223448  |s Zviazaný časopis 
090 |g CASOS  |k Sklad Pribinova prízemie  |a A.1846  |j 229963  |i 2720223456  |s Zviazaný časopis 
090 |g CASOS  |k Sklad Pribinova prízemie  |a A.1846  |j 270488  |i 2721210070  |s Zviazaný časopis 
090 |g CASOS  |k Sklad Pribinova 3. posch.  |a A.1846  |j 216793  |i 2720129369  |s Zviazaný časopis 
090 |g CASOS  |k Sklad Pribinova 3. posch.  |a A.1846  |j 233306  |i 2720311417  |s Zviazaný časopis 
090 |g CASOS  |k Sklad Pribinova 3. posch.  |a A.1846  |j 242880  |i 2720311423  |s Zviazaný časopis 
090 |g CASOS  |k Sklad Pribinova 3. posch.  |a A.1846  |j 246604  |i 2720441490  |s Zviazaný časopis 
090 |g CASOS  |k Sklad Pribinova 3. posch.  |a A.1846  |j 248588  |i 2720390015  |s Zviazaný časopis 
090 |g CASOS  |k Sklad Pribinova 3. posch.  |a A.1846  |j 251737  |i 2720481331  |7 Feb./mar.-okt./nov.  |s Zviazaný časopis 
090 |g CASOS  |k Sklad Pribinova 3. posch.  |a A.1846  |j 254836  |i 2720564598  |s Zviazaný časopis 
090 |g CASOS  |k Sklad Pribinova 3. posch.  |a A.1846  |j 256977  |i 2720675392  |s Zviazaný časopis 
090 |g CASOS  |k Sklad Pribinova 3. posch.  |a A.1846  |j 260131  |i 2720750512  |s Zviazaný časopis 
090 |g CASOS  |k Sklad Pribinova 3. posch.  |a A.1846  |j 262839  |i 2720811115  |s Zviazaný časopis 
090 |g CASOS  |k Sklad Pribinova 3. posch.  |a A.1846  |j 264131  |i 2720833566  |4 Vyradenie kodu 40 podla smernice 8_2022  |s Vyradená 
090 |g CASOS  |k Sklad Pribinova suterén  |a A.1846  |j 222921  |i 2720214064  |s Zviazaný časopis 
090 |g CASOS  |k Sklad Pribinova suterén  |a A.1846  |j 266569  |i 2721013250  |4 Vyradenie kodu 40 podla smernice 8_2022  |s Vyradená 
090 |g CASOS  |k Sklad Pribinova suterén  |a A.1846  |j 268075  |i 2721104826  |4 Vyradenie kodu 40 podla smernice 8_2022  |s Vyradená 
090 |g CASOS  |k Sklad Zvonárska 19  |a A.1846  |j 236705  |i 2720310092  |s Zviazaný časopis 
090 |g CASOS  |k Sklad Zvonárska 19  |a A.1846  |j 240071  |i 2720310030  |s Zviazaný časopis 
090 |g CASOS  |k ODSF - seriály  |a A.1846  |i 2720707163  |s Prezenčne 
090 |g CASOS  |k Študovňa časopisov  |a A.1846  |i 2720640928  |s Príručka / Študovňa 
090 |g CASOS  |k Študovňa časopisov  |a A.1846  |i 2720740406  |s Strata 
090 |g CASOS  |k Študovňa časopisov  |a A.1846  |i 313621-160  |s Príručka / Študovňa 
090 |g CASOS  |k Študovňa časopisov  |a A.1846  |i 313621-20  |s Príručka / Študovňa 
090 |g CASOS  |k Študovňa časopisov  |a A.1846  |i 313621-30  |s Príručka / Študovňa 
090 |g CASOS  |k Študovňa časopisov  |a A.1846  |i 313621-440  |s Príručka / Študovňa 
090 |g CASOS  |k Študovňa časopisov  |a A.1846  |i 313621-550  |s Príručka / Študovňa 
090 |g CASOS  |k Študovňa časopisov  |a A.1846  |i 313621-930  |s Príručka / Študovňa